书目信息 |
| 题名: |
世界名山
|
|
| 作者: | 卢劲杉 , 董树宝 编著 | |
| 分册: | ||
| 出版信息: | 长春 长春出版社 2000 |
|
| 页数: | 333页 | |
| 开本: | 32开 | |
| 丛书名: | 走遍世界 | |
| 单 册: | ||
| 中图分类: | K918.3 | |
| 科图分类: | ||
| 主题词: | 山(地理)--简介 | |
| 电子资源: | ||
| ISBN: | 7-80604-324-1 | |
| 000 | 00718nam0 2200253 45 | |
| 001 | 0112181433 | |
| 005 | 20031219104051.9 | |
| 010 | @a7-80604-324-1@dCNY12.80 | |
| 100 | @a20011218d2000 km y0chiy0120 ea | |
| 101 | 0 | @achi |
| 105 | @a z 000yy | |
| 200 | 1 | @a世界名山@AShi Jie Ming Shan@f卢劲杉,董树宝编著@FLu Jin Shan,Dong Shu Bao Bian Zhu |
| 205 | @a2版 | |
| 210 | @a长春@c长春出版社@d2000 | |
| 215 | @a333页@d32开 | |
| 225 | @a走遍世界@f付景川主编 | |
| 410 | @12001 @a走遍世界 | |
| 410 | @1700 0@a付景川@AFu Jing Chuan@4主编 | |
| 606 | 0 | @a山(地理)@x简介 |
| 690 | @aK918.3@v4 | |
| 701 | @a卢劲杉@4编著 | |
| 701 | 0 | @a董树宝@4编著 |
| 801 | @aCN@bTSTC@c20011218 | |
| 905 | @f5@b301665-669@dK918.3@e87 | |
| 世界名山/卢劲杉,董树宝编著.-2版.-长春:长春出版社,2000 |
| 333页;32开.-(走遍世界/付景川主编) |
| ISBN 7-80604-324-1:CNY12.80 |
| ● |
| 相关链接 |
|
|
|
|
正题名:世界名山
索取号:K918.3/87
 
预约/预借
| 序号 | 登录号 | 条形码 | 馆藏地/架位号 | 状态 | 备注 |
| 1 | 0301665 | 203016654 | 第二借阅区/ [索取号:K918.3/87] | 在馆 | |
| 2 | 0301666 | 203016663 | 第二借阅区/ [索取号:K918.3/87] | 在馆 | |
| 3 | 0301667 | 203016672 | 第二借阅区/ [索取号:K918.3/87] | 在馆 | |
| 4 | 0301668 | 203016681 | 第二借阅区/ [索取号:K918.3/87] | 在馆 | |
| 5 | 0301669 | 203016690 | 第二样本阅览室/ [索取号:K918.3/87] | 在馆 |